| 000 | 00822nam a22002655i 4500 | ||
|---|---|---|---|
| 001 | 11172 | ||
| 003 | ES-MaACL | ||
| 005 | 20250809062544.0 | ||
| 007 | t| | ||
| 008 | 940405s1993 sp ||||0| spa j | ||
| 020 | _a84-7991-025-9 | ||
| 040 |
_aM-BN _bspa _cM-BN |
||
| 080 | _a340.122(075.8) | ||
| 080 | _a340.12(075.8) | ||
| 100 | 1 |
_aFernández-Galiano, Antonio. _949797 |
|
| 245 | 1 | 0 |
_aLecciones de teoría del derecho y derecho natural / _cAntonio Fernández-Galiano y Benito de Castro Cid. |
| 250 | _a2ª ed. | ||
| 260 |
_aMadrid : _bUniversitas, _cD.L. 1995. |
||
| 300 |
_a458 p ; _c24 cm. |
||
| 650 | 0 | 7 |
_aDerecho natural _2embne _911744 |
| 650 | 4 |
_aDerecho- _xFilosofía _911620 |
|
| 700 | 1 |
_aCastro Cid, Benito de. _936912 |
|
| 852 |
_aES-MaACL _jL-18492 _bR.124600 |
||
| 999 |
_c11172 _d11172 |
||